[Event "DRAGHIEN  III"]
[Site "SchemingMind.com"]
[Date "2016.06.24"]
[Round "-"]
[White "Simon Green"]
[Black "Wojtek26"]
[Result "1-0"]
[WhiteCountry "ENG"]
[BlackCountry "POL"]
[WhiteElo "1600"]
[WhiteRD "58"]
[BlackElo "1571"]
[BlackRD "51"]
[GameID "400626"]

1. d4 d5 2. e3 Nf6 3. Bd3 e6 4. f4 Bd6 5. Nf3 O-O 6. O-O c5 7. c3 cxd4 8. exd4 Nc6 9. Ne5 Nd7 10. Nd2 Qb6
11. Ndf3 Ndxe5 12. fxe5 Nxe5 13. Nxe5 Bxe5 14. Qh5 g6 15. Qxe5 f6 16. Rxf6 Rxf6 17. Qxf6 Qc7 18. Bh6 Qf7 19. Qxf7+ Kxf7 20. Rf1+ Ke7
21. Bg5+ Ke8 22. Bb5+ Bd7 23. Bxd7+ Kxd7 24. Rf7+ Kc6 25. Rxh7 Rg8 26. a4 a6 27. b4 Rf8 28. Rg7 b5 29. a5 Rf5 30. Rxg6 Kd7
31. Rg7+
1-0

[Event "DRAGHIEN  III"]
[Site "SchemingMind.com"]
[Date "2016.06.21"]
[Round "-"]
[White "Archon"]
[Black "echecs"]
[Result "0-1"]
[WhiteCountry "CAN"]
[BlackCountry "ENG"]
[WhiteElo "1764"]
[WhiteRD "74"]
[BlackElo "1841"]
[BlackRD "63"]
[GameID "400651"]

1. d4 g6 2. e4 Bg7 3. Nf3 d6 4. h3 c6 5. c4 Nd7 6. Nc3 a6 7. a4 Ngf6 8. Be3 O-O 9. Be2 e5 10. d5 Ne8
11. b4 Nc7 12. Rc1 Nf6 13. O-O cxd5 14. cxd5 Bd7 15. a5 Nce8 16. Bb6 Qe7 17. Nd2 Bh6 18. Be3 Bxe3 19. fxe3 Ng7 20. Na4 Rac8
21. Nb6 Rxc1 22. Qxc1 Qd8 23. Qc2 Nfh5 24. Rc1 Bxh3 25. Nf3 Bg4 26. Qc7 Ng3 27. Qxd8 Nxe2+ 28. Kf2 Rxd8 29. Kxe2 f5 30. Kd3 fxe4+
31. Kxe4 Bf5#
0-1

[Event "DRAGHIEN  III"]
[Site "SchemingMind.com"]
[Date "2016.06.20"]
[Round "-"]
[White "ray winteringham"]
[Black "Archon"]
[Result "0-1"]
[WhiteCountry "ENG"]
[BlackCountry "CAN"]
[WhiteElo "1491"]
[WhiteRD "56"]
[BlackElo "1782"]
[BlackRD "76"]
[GameID "400652"]

1. e4 d6 2. d4 Nf6 3. Bd3 e5 4. d5 Nbd7 5. Bg5 Be7 6. Nf3 h6 7. Bh4 Nxd5 8. Bxe7 Nxe7 9. O-O O-O 10. Nbd2 Nc5
11. b4 Nxd3 12. cxd3 Bg4 13. h3 Bxf3 14. Nxf3 Ng6 15. a4 Nf4 16. Kh2 Ne6 17. g3 f5 18. Ng1 f4 19. Qb3 Qd7 20. Nf3 Kh8
21. Nh4 Qf7 22. Qd1 Nd4 23. Qg4 g5 24. Ng2 Rae8 25. Rh1 fxg3+ 26. fxg3 Nf3+
0-1

[Event "DRAGHIEN  III"]
[Site "SchemingMind.com"]
[Date "2016.06.23"]
[Round "-"]
[White "Archon"]
[Black "emvarela"]
[Result "1-0"]
[WhiteCountry "CAN"]
[BlackCountry "ARG"]
[WhiteElo "1752"]
[WhiteRD "73"]
[BlackElo "1693"]
[BlackRD "50"]
[GameID "400653"]

1. d4 Nf6 2. Bf4 d5 3. e3 e6 4. Nf3 Bd6 5. Bd3 Bxf4 6. exf4 Nc6 7. c3 O-O 8. Nbd2 h6 9. O-O Bd7 10. Ne5 Nxe5
11. fxe5 Ne8 12. Qh5 Qg5 13. Qxg5 hxg5 14. f4 gxf4 15. Rxf4 f5 16. exf6 Rxf6 17. Raf1 Rxf4 18. Rxf4 Nf6 19. Nf3 Rf8 20. Ng5 Nh5
21. Bh7+
1-0

[Event "DRAGHIEN  III"]
[Site "SchemingMind.com"]
[Date "2016.06.20"]
[Round "-"]
[White "Phillip Beckett"]
[Black "Archon"]
[Result "1-0"]
[WhiteCountry "ENG"]
[BlackCountry "CAN"]
[WhiteElo "1549"]
[WhiteRD "51"]
[BlackElo "1752"]
[BlackRD "73"]
[GameID "400654"]

1. d4 d6 2. e3 Nf6 3. Bd3 g6 4. Nd2 Bg7 5. f4 a6 6. Ngf3 Nc6 7. O-O O-O 8. c3 b6 9. e4 Bb7 10. e5 dxe5
11. fxe5 Ne8 12. Ne4 Na7 13. Neg5 c5 14. e6 f6 15. Nf7 Rxf7 16. exf7+ Kxf7 17. dxc5 bxc5 18. Qb3+ Bd5 19. Bc4 e6 20. Bxd5 exd5
21. Be3 Bf8 22. Rad1 Nc7 23. Ng5+ Kg7 24. Nf3 Nab5 25. a4 Na7 26. Qc2 Nc6 27. Qc1 f5 28. Bf4 Bd6 29. Bxd6 Qxd6 30. Rfe1 Re8
31. Rxe8 Nxe8 32. Re1 Nf6 33. Qe3 Ne4 34. Ng5 h6 35. Nxe4 dxe4 36. Qe2 Ne5 37. Rd1 Nd3 38. b4 cxb4 39. cxb4 Qxb4 40. Qa2 a5
41. Rb1 Qd4+ 42. Kf1 Nb4 43. Qb2 Qxb2 44. Rxb2 Kf6 45. Rd2 Nd3 46. Rc2 Nb4 47. Rc5 Nd3 48. Rxa5 Nb2 49. Ra6+ Kg5 50. Ra8 Nxa4
51. Rxa4 Kf4 52. Kf2 Kg4 53. h3+ Kf4 54. g3+ Kg5 55. Ke3 Kh5 56. Kf4
1-0

[Event "DRAGHIEN  III"]
[Site "SchemingMind.com"]
[Date "2016.06.20"]
[Round "-"]
[White "Scooter"]
[Black "Archon"]
[Result "0-1"]
[WhiteCountry "USA"]
[BlackCountry "CAN"]
[WhiteElo "1761"]
[WhiteRD "49"]
[BlackElo "1782"]
[BlackRD "76"]
[GameID "400655"]

1. d4 d6 2. Nf3 g6 3. Bf4 Bg7 4. e3 Nd7 5. Be2 Ngf6 6. O-O O-O 7. h3 c5 8. c3 b6 9. Nbd2 Bb7 10. Rc1 Rc8
11. b3 cxd4 12. cxd4 Re8 13. b4 a6 14. a4 Nd5 15. b5 Nxf4 16. exf4 a5 17. Ng5 h6 18. Ngf3 e6 19. Rxc8 Qxc8 20. Qc1 Qb8
21. Qb1 Nf6 22. g3 Rc8 23. Rc1 Nd5 24. Rxc8+ Qxc8 25. Nb3 Nb4 26. Qc1 Qxc1+ 27. Nxc1 Nc2 28. Nb3 Bd5 29. Nfd2 Nxd4 30. Nxd4 Bxd4
31. Bc4 Bb7 32. Kf1 Kf8 33. Ke2 Ke7 34. Nb3 Bg7 35. Ke3 Kd7 36. Nd4 Bg2 37. h4 Bb7 38. Be2 Bd5 39. Bf3 Bxd4+
0-1

[Event "DRAGHIEN  III"]
[Site "SchemingMind.com"]
[Date "2016.06.24"]
[Round "-"]
[White "Archon"]
[Black "Simon Green"]
[Result "1-0"]
[WhiteCountry "CAN"]
[BlackCountry "ENG"]
[WhiteElo "1752"]
[WhiteRD "73"]
[BlackElo "1600"]
[BlackRD "58"]
[GameID "400657"]

1. d4 e6 2. e4 d5 3. Nc3 Nf6 4. Bg5 Be7 5. e5 Nfd7 6. Bxe7 Qxe7 7. f4 c5 8. Nf3 c4 9. Be2 O-O 10. O-O a6
11. a4 Nc6 12. Qd2 f5 13. Ng5 h6 14. Nh3 Nd8 15. Nf2 Rf7 16. g4 fxg4 17. Nxg4 Nf8 18. Rf2 Ng6 19. Raf1 Rf5 20. Rg2 Nh4
21. Rg3 Kh7 22. b3 Bd7 23. Ne3 Rf8 24. Ng2 Nxg2 25. Rxg2 b5 26. Bh5 Be8 27. Bxe8 Qxe8 28. Qf2 Rf5 29. Qg3 Qf7 30. axb5 axb5
31. Nxb5 Qd7 32. Nd6 Rf8 33. bxc4 dxc4 34. c3 Ra4 35. Qg6+ Kg8 36. Qxh6 Nb7 37. Nxb7 Qxb7 38. Qxe6+ Qf7 39. Qxf7+ Rxf7 40. Rb1 Rfa7
41. Rgb2 Kf7 42. Rb7+ Rxb7 43. Rxb7+ Kf8 44. Rc7 g6 45. Kg2
1-0

[Event "DRAGHIEN  III"]
[Site "SchemingMind.com"]
[Date "2016.06.20"]
[Round "-"]
[White "Wojtek26"]
[Black "Archon"]
[Result "0-1"]
[WhiteCountry "POL"]
[BlackCountry "CAN"]
[WhiteElo "1588"]
[WhiteRD "51"]
[BlackElo "1764"]
[BlackRD "74"]
[GameID "400658"]

1. d4 d6 2. e4 Nf6 3. Nc3 g6 4. Bc4 Bg7 5. Nf3 O-O 6. O-O Bg4 7. h3 Bxf3 8. Qxf3 c6 9. Be3 Nbd7 10. Rfd1 Nb6
11. Bb3 Nfd7 12. d5 cxd5 13. exd5 Rc8 14. a4 Nc5 15. Ba2 Nbxa4 16. Nxa4 Nxa4 17. Bd4 Nc5 18. Bxg7 Kxg7 19. Re1 Kg8 20. Re3 Nd7
21. c3 Nf6 22. Rae1 Rc7 23. Qe2 Re8 24. Bb3 a6 25. c4 Kf8 26. Ba4 Nd7 27. Rxe7 Rxe7 28. Qd2 Rxe1+ 29. Qxe1 Nc5 30. Qd1 Nxa4
31. Qxa4 Re7 32. Qa1 Qe8 33. Kf1 Re2 34. b4 Rc2 35. c5 Qe2+
0-1

[Event "DRAGHIEN  III"]
[Site "SchemingMind.com"]
[Date "2016.06.21"]
[Round "-"]
[White "Kid A"]
[Black "echecs"]
[Result "1-0"]
[WhiteCountry "FIN"]
[BlackCountry "ENG"]
[WhiteElo "1838"]
[WhiteRD "74"]
[BlackElo "1841"]
[BlackRD "63"]
[GameID "400669"]

1. e4 e5 2. Nf3 Nc6 3. Bc4 Bc5 4. b4 Bxb4 5. c3 Ba5 6. d4 exd4 7. O-O Nge7 8. Ng5 d5 9. exd5 Ne5 10. Qxd4 Nxc4
11. Qxg7 Kd7 12. Nxh7 c6 13. Bg5 cxd5 14. Re1 Kc6 15. Bxe7 Qg8 16. Qf6+ Be6 17. Ng5 Qg6 18. Qxg6 fxg6 19. Rxe6+ Kd7 20. Na3 Nxa3
21. Bxa3 Bxc3 22. Re7+ Kc6 23. Rc1 d4 24. Ne4 Rhe8 25. Nxc3 dxc3 26. Rxc3+ Kb6 27. Rxe8 Rxe8 28. Bc5+ Ka6 29. Be3 b6 30. h3
1-0

[Event "DRAGHIEN  III"]
[Site "SchemingMind.com"]
[Date "2016.06.21"]
[Round "-"]
[White "Archon"]
[Black "Kid A"]
[Result "0-1"]
[WhiteCountry "CAN"]
[BlackCountry "FIN"]
[WhiteElo "1724"]
[WhiteRD "75"]
[BlackElo "1849"]
[BlackRD "79"]
[GameID "400670"]

1. g3 d5 2. Bg2 Nf6 3. d4 e6 4. c4 c6 5. Nc3 Bb4 6. Nf3 O-O 7. Bg5 h6 8. Bd2 dxc4 9. O-O Nbd7 10. a4 Bxc3
11. Bxc3 Ne4 12. Qc2 Ndf6 13. Ne5 Nd6 14. Bb4 a5 15. Bxd6 Qxd6 16. Qxc4 Nd5 17. Rac1 Rd8 18. Rfd1 f6 19. Nd3 Bd7 20. e4 Nb6
21. Qc5 Qxc5 22. Nxc5 Bc8 23. b3 Kf7 24. Bh3 f5 25. exf5 exf5 26. Nd3 Kf6 27. Nc5 Nd7 28. Nd3 g5 29. Ne5 Ra6 30. Nc4 Nb6
31. Nxb6 Rxb6 32. Rd3 Be6 33. Rcc3 Rb4 34. Bg2 Rbxd4 35. Bf1 Rxd3 36. Bxd3 Rd4 37. Kf1 Rb4 38. Bc2 Bd5 39. Ke2 Ke5 40. Ke3 f4+
41. Kd3 Be4+ 42. Kd2 Rd4+ 43. Bd3 Rxd3+ 44. Rxd3 Bxd3 45. Kxd3 h5 46. Kd2 Ke4 47. Ke2 g4
0-1

[Event "DRAGHIEN  III"]
[Site "SchemingMind.com"]
[Date "2016.06.22"]
[Round "-"]
[White "Phillip Beckett"]
[Black "Kid A"]
[Result "0-1"]
[WhiteCountry "ENG"]
[BlackCountry "FIN"]
[WhiteElo "1562"]
[WhiteRD "52"]
[BlackElo "1849"]
[BlackRD "79"]
[GameID "400671"]

1. e3 d5 2. d4 Nf6 3. Bd3 e6 4. Nd2 c5 5. c3 Nc6 6. Ngf3 Be7 7. O-O O-O 8. Qe2 c4 9. Bc2 b5 10. e4 b4
11. e5 Nd7 12. Re1 a5 13. Nf1 Ba6 14. a4 Re8 15. Ng3 Nf8 16. h3 Rb8 17. Nh5 Ng6 18. g4 Nh4 19. Nxh4 Bxh4 20. Ng3 h6
21. Kh2 Ne7 22. Rf1 Ng6 23. f4 Bxg3+ 24. Kxg3 Qh4+ 25. Kg2 Qe7 26. Bxg6 fxg6 27. f5 gxf5 28. gxf5 exf5 29. Rxf5 Bc8 30. Rf1 Qh4
31. Qe3 Be6 32. Qg3 Qe4+ 33. Qf3 Qc2+ 34. Rf2 Qg6+ 35. Kh2 Rf8 36. Qg2 Rxf2 37. Qxf2 Rf8 38. Qg2 Qh5 39. Be3 Rf3 40. Bxh6 Rxh3+
41. Kg1 Qxh6 42. Rf1 Qe3+
0-1

[Event "DRAGHIEN  III"]
[Site "SchemingMind.com"]
[Date "2016.06.22"]
[Round "-"]
[White "Scooter"]
[Black "Kid A"]
[Result "1/2-1/2"]
[WhiteCountry "USA"]
[BlackCountry "FIN"]
[WhiteElo "1745"]
[WhiteRD "53"]
[BlackElo "1838"]
[BlackRD "74"]
[GameID "400672"]

1. d4 Nf6 2. Nf3 g6 3. Bf4 Bg7 4. e3 O-O 5. Be2 d6 6. O-O Bg4 7. Nbd2 Nbd7 8. h3 Be6 9. c4 d5 10. c5 c6
11. Ne5 Nxe5 12. Bxe5 a5 13. a3 b5 14. b4 a4 15. Qc2 Bf5 16. Bd3 Bxd3 17. Qxd3 Qd7 18. e4 dxe4 19. Nxe4 Nxe4 20. Qxe4 f5
21. Qe3 Rad8 22. Bxg7 Kxg7 23. Rad1 Rfe8 24. f4 Qd5 25. Qe5+ Kf7 26. Qxd5+ Rxd5 27. Rfe1 e6 28. Re5 Red8 29. Rxd5 Rxd5=
1/2-1/2

[Event "DRAGHIEN  III"]
[Site "SchemingMind.com"]
[Date "2016.06.22"]
[Round "-"]
[White "Kid A"]
[Black "kenneth m day"]
[Result "0-1"]
[WhiteCountry "FIN"]
[BlackCountry "USA"]
[WhiteElo "1849"]
[WhiteRD "79"]
[BlackElo "1724"]
[BlackRD "54"]
[GameID "400673"]

1. e4 e5 2. Nf3 Nc6 3. Bb5 f5 4. d4 fxe4 5. Nxe5 Nxe5 6. dxe5 c6 7. Nc3 cxb5 8. Nxe4 d5 9. exd6 Nf6 10. O-O Nxe4
11. Qh5+ g6 12. Qe5+ Kf7 13. Qxh8 Nf6 14. Bh6 Bd7 15. Bxf8 Qxf8 16. Qxf8+ Rxf8 17. Rad1 Re8 18. f3 Re6 19. Kf2 Ne8 20. h3 Nxd6
21. Rfe1 Bc6 22. b3 Nf5 23. c3 b6 24. g4 Ne7 25. Re2 Nd5 26. Rxe6 Kxe6 27. Kg3 Nxc3 28. Kf2 Nxd1+
0-1

[Event "DRAGHIEN  III"]
[Site "SchemingMind.com"]
[Date "2016.06.21"]
[Round "-"]
[White "Kid A"]
[Black "ray winteringham"]
[Result "1-0"]
[WhiteCountry "FIN"]
[BlackCountry "ENG"]
[WhiteElo "1851"]
[WhiteRD "71"]
[BlackElo "1491"]
[BlackRD "56"]
[GameID "400674"]

1. e4 c5 2. Nf3 Nc6 3. d4 cxd4 4. c3 e5 5. Bc4 h6 6. cxd4 exd4 7. O-O Bc5 8. Nbd2 Nge7 9. Nb3 d6 10. Nfxd4 Bb6
11. Nb5 O-O 12. Qxd6 Qxd6 13. Nxd6 Bd7 14. Nxb7 Nb4 15. Bf4 Nbc6 16. Bd6 Kh7 17. Rad1 Bc8 18. N7c5 Ng6 19. Bxf8 Nxf8 20. Bd5
1-0

[Event "DRAGHIEN  III"]
[Site "SchemingMind.com"]
[Date "2016.06.24"]
[Round "-"]
[White "Kid A"]
[Black "Simon Green"]
[Result "1-0"]
[WhiteCountry "FIN"]
[BlackCountry "ENG"]
[WhiteElo "1849"]
[WhiteRD "79"]
[BlackElo "1615"]
[BlackRD "58"]
[GameID "400675"]

1. d4 e6 2. e4 d5 3. Nc3 Nf6 4. exd5 exd5 5. Nf3 Bb4 6. Be2 Bxc3+ 7. bxc3 O-O 8. O-O Nc6 9. Rb1 b6 10. Bb5 Ne7
11. Bg5 Ne4 12. Re1 Bd7 13. Qd3 Bxb5 14. Rxb5 f6 15. Bf4 c6 16. Rbb1 b5 17. Qe3 Nf5 18. Qd3 Qa5 19. Nd2 Nfd6 20. Nxe4 Nxe4
21. f3 Nxc3 22. Bd2 Qxa2 23. Bxc3 Qa6 24. Bb4 Rfe8 25. Qf5 Qc8 26. Rxe8+ Qxe8 27. Re1 Qf7 28. Re7 Qg6 29. Qd7 a5 30. Qxc6
1-0

[Event "DRAGHIEN  III"]
[Site "SchemingMind.com"]
[Date "2016.06.22"]
[Round "-"]
[White "emvarela"]
[Black "Kid A"]
[Result "0-1"]
[WhiteCountry "ARG"]
[BlackCountry "FIN"]
[WhiteElo "1712"]
[WhiteRD "48"]
[BlackElo "1849"]
[BlackRD "79"]
[GameID "400679"]

1. e4 c5 2. Nf3 Nc6 3. d4 cxd4 4. Nxd4 Nf6 5. Nc3 g6 6. Be3 Bg7 7. Bc4 d6 8. Nxc6 bxc6 9. Qd2 Qa5 10. f3 Rb8
11. Bb3 O-O 12. O-O-O Be6 13. Bxe6 fxe6 14. a3 Rxb2 15. Kxb2 Nxe4 16. fxe4 Rb8+
0-1

[Event "DRAGHIEN  III"]
[Site "SchemingMind.com"]
[Date "2016.06.21"]
[Round "-"]
[White "Kid A"]
[Black "Wojtek26"]
[Result "1-0"]
[WhiteCountry "FIN"]
[BlackCountry "POL"]
[WhiteElo "1851"]
[WhiteRD "71"]
[BlackElo "1603"]
[BlackRD "51"]
[GameID "400680"]

1. e4 e5 2. Nf3 Nc6 3. Bc4 Nf6 4. d4 exd4 5. c3 Bc5 6. cxd4 Bb4+ 7. Nc3 O-O 8. Bg5 h6 9. Bh4 g5 10. Nxg5 hxg5
11. Bxg5 Be7 12. e5 Nh7 13. Bh6 Bg5 14. Qh5 Bxh6 15. Qxh6 Nb4 16. Ne4 Nc2+ 17. Kd2 Nxa1 18. Nf6+ Nxf6 19. Qg5+ Kh8 20. exf6 Qxf6
21. Qxf6+ Kg8 22. Re1
1-0

[Event "DRAGHIEN  III"]
[Site "SchemingMind.com"]
[Date "2016.06.26"]
[Round "-"]
[White "Chessibelle"]
[Black "Kid A"]
[Result "0-1"]
[WhiteCountry "ENG"]
[BlackCountry "FIN"]
[WhiteElo "1152"]
[WhiteRD "66"]
[BlackElo "1838"]
[BlackRD "74"]
[GameID "400853"]

1. Nf3 d5 2. d4 Nf6 3. e3 e6 4. Bd2 c5 5. Nc3 Nc6 6. Bb5 Bd6 7. g3 O-O 8. O-O Bd7 9. Qe2 a6 10. Bd3 c4
11. Bxc4 dxc4 12. Qxc4 Rc8 13. Qd3 Nb4 14. Qe2 Nxc2 15. Rab1 Nb4 16. a3 Nbd5 17. Ne5 Nxc3 18. bxc3 Bb5 19. c4 Bxe5 20. cxb5 Bd6
21. e4 Bxa3 22. Be3 Nxe4 23. Qd3 Nc3 24. Rb3 Nxb5 25. f4 Be7 26. Qe4 Nd6 27. Qf3 Nf5 28. Bf2 Nxd4 29. Qg4 Nxb3 30. Re1 Bc5
31. Kg2 Bxf2 32. Kxf2 Qd4+ 33. Kg2 Rc2+ 34. Kh3 Qf2 35. Re5 Qxh2#
0-1

[Event "DRAGHIEN  III"]
[Site "SchemingMind.com"]
[Date "2016.06.26"]
[Round "-"]
[White "Chessibelle"]
[Black "emvarela"]
[Result "0-1"]
[WhiteCountry "ENG"]
[BlackCountry "ARG"]
[WhiteElo "1152"]
[WhiteRD "65"]
[BlackElo "1693"]
[BlackRD "50"]
[GameID "400854"]

1. Nf3 c5 2. Nc3 Nc6 3. e4 Nf6 4. d3 d6 5. Bd2 Bg4 6. Be2 Bxf3 7. Bxf3 e5 8. O-O a6 9. a3 Be7 10. Nd5 Nxd5
11. exd5 Nd4 12. Be4 f5 13. Bxf5 Nxf5 14. Qh5+ g6 15. Qg4 Qd7 16. h3 Nd4 17. Qd1 Qf5 18. g4 Qf3 19. Qc1 Ne2+
0-1

[Event "DRAGHIEN  III"]
[Site "SchemingMind.com"]
[Date "2016.06.26"]
[Round "-"]
[White "echecs"]
[Black "Chessibelle"]
[Result "1-0"]
[WhiteCountry "ENG"]
[BlackCountry "ENG"]
[WhiteElo "1841"]
[WhiteRD "63"]
[BlackElo "1152"]
[BlackRD "66"]
[GameID "400855"]

1. e4 e5 2. Nf3 Nc6 3. Bc4 h6 4. Nc3 Nf6 5. d4 d6 6. dxe5 Nd7 7. exd6 Bxd6 8. Qd5 O-O 9. O-O Nf6 10. Qd1 Qe7
11. Re1 Ne5 12. Nxe5 Qxe5 13. g3 Bg4 14. Qd3 a6 15. Bf4 Qc5 16. e5 Be7 17. exf6 Bxf6 18. Ne4 Qh5 19. Nxf6+ gxf6 20. Re7 Kh8
21. Qb3 Bf5 22. Bxf7 Qg4 23. Bxh6 b5 24. Qc3 Kh7 25. Qxf6 Rg8 26. Be8+
1-0

[Event "DRAGHIEN  III"]
[Site "SchemingMind.com"]
[Date "2016.06.26"]
[Round "-"]
[White "Chessibelle"]
[Black "Archon"]
[Result "0-1"]
[WhiteCountry "ENG"]
[BlackCountry "CAN"]
[WhiteElo "1152"]
[WhiteRD "66"]
[BlackElo "1764"]
[BlackRD "74"]
[GameID "400856"]

1. Nf3 d5 2. d4 Nf6 3. e3 c5 4. Bb5+ Nc6 5. Nc3 e6 6. O-O Bd7 7. Ng5 h6 8. Nh3 Bd6 9. g3 a6 10. Bd3 cxd4
11. Ne2 e5 12. c3 Bxh3 13. Re1 dxe3 14. Bxe3 O-O 15. c4 Ng4 16. f3 Nxe3 17. Qb3 e4 18. Bb1 Qg5 19. f4 Nd4 20. Nxd4 Bxf4
21. Kf2 Nxc4 22. Qxb7 Be3+ 23. Ke2 Qg4+ 24. Nf3 Qxf3#
0-1

[Event "DRAGHIEN  III"]
[Site "SchemingMind.com"]
[Date "2016.06.27"]
[Round "-"]
[White "Chessibelle"]
[Black "Phillip Beckett"]
[Result "0-1"]
[WhiteCountry "ENG"]
[BlackCountry "ENG"]
[WhiteElo "1152"]
[WhiteRD "66"]
[BlackElo "1572"]
[BlackRD "52"]
[GameID "400857"]

1. Nf3 Nf6 2. Nc3 g6 3. d4 Bg7 4. e3 d6 5. Bd3 O-O 6. O-O Nbd7 7. Re1 c6 8. Bd2 Re8 9. e4 e5 10. d5 c5
11. a3 Nb6 12. Ne2 c4 13. Bg5 h6 14. Be3 cxd3 15. Qxd3 Bd7 16. Nc3 Qc7 17. b3 Rac8 18. a4 Qxc3 19. Qe2 Kh7 20. Nd2 Qc7
21. c4 a6 22. a5 Na8 23. Rec1 Ng8 24. Nf3 Bg4 25. h3 Bxf3 26. Qxf3 Rf8 27. Qg3 f5 28. Qf3 f4 29. Bd2 g5 30. Qg4 Qf7
31. Qe2 f3 32. Qe3 fxg2 33. Be1 Qf3 34. Qd2 Qxh3 35. f3 Qh1+ 36. Kf2 g1=Q+ 37. Ke2 Qf1+ 38. Ke3 Qhxf3#
0-1

[Event "DRAGHIEN  III"]
[Site "SchemingMind.com"]
[Date "2016.06.26"]
[Round "-"]
[White "Chessibelle"]
[Black "Scooter"]
[Result "0-1"]
[WhiteCountry "ENG"]
[BlackCountry "USA"]
[WhiteElo "1152"]
[WhiteRD "66"]
[BlackElo "1745"]
[BlackRD "53"]
[GameID "400858"]

1. Nf3 d5 2. d4 Bf5 3. Nc3 e6 4. e3 Bb4 5. Bd2 Ne7 6. Bb5+ c6 7. Bd3 Bxd3 8. cxd3 O-O 9. O-O Nd7 10. a3 Bxc3
11. Bxc3 c5 12. Ng5 h6 13. Nh3 cxd4 14. Bxd4 Nc6 15. Bc3 e5 16. Qg4 Nf6 17. Qg3 d4 18. exd4 exd4 19. Bd2 Kh8 20. Qh4 Nh7
21. Qg4 Ne5 22. Qe4 Nc6 23. Bf4 Nf6 24. Qe2 Re8 25. Qc2 Rc8 26. f3 Nb4 27. Qb3 Nbd5 28. Bd2 Kg8 29. Qxb7 Rb8 30. Qxa7 Rxb2
31. Ba5 Qe7 32. Qxd4 Re2 33. Rf2 Qe3 34. Qh4 Qxd3 35. Rff1 Qg6 36. g3 Qc2 37. Nf2 Ne3 38. Rac1 Qf5 39. f4 Nxf1 40. Rxf1 Qxa5
41. Qh3 Qxa3 42. Qg2 Ne4 43. Qh3 Nxf2 44. Qf5 Qf3 45. Rc1 Re1+
0-1

[Event "DRAGHIEN  III"]
[Site "SchemingMind.com"]
[Date "2016.06.26"]
[Round "-"]
[White "kenneth m day"]
[Black "Chessibelle"]
[Result "1-0"]
[WhiteCountry "USA"]
[BlackCountry "ENG"]
[WhiteElo "1705"]
[WhiteRD "53"]
[BlackElo "1152"]
[BlackRD "66"]
[GameID "400859"]

1. e4 e5 2. f4 Nc6 3. Nf3 d6 4. Nc3 Nf6 5. Bb5 Bd7 6. fxe5 dxe5 7. O-O Bc5+ 8. Kh1 Ng4 9. d4 exd4 10. Nd5 O-O
11. Bd3 Be6 12. Bg5 f6 13. Bh4 Qd6 14. Bg3 Nge5 15. Nxe5 fxe5 16. Qh5 Bf7 17. Qg5 g6 18. Rf6 Qd8 19. Raf1 Nb4 20. Qxe5 Bd6
21. Qxd4 a5 22. a3 Nc6 23. Qf2 Ne5 24. Bxe5 Bxe5 25. Rxf7 Bd6 26. Bc4 b6 27. Nf6+ Kh8 28. Rxh7#
1-0

[Event "DRAGHIEN  III"]
[Site "SchemingMind.com"]
[Date "2016.06.26"]
[Round "-"]
[White "ray winteringham"]
[Black "Chessibelle"]
[Result "1-0"]
[WhiteCountry "ENG"]
[BlackCountry "ENG"]
[WhiteElo "1505"]
[WhiteRD "53"]
[BlackElo "1152"]
[BlackRD "66"]
[GameID "400860"]

1. e4 e5 2. Nf3 Nc6 3. Be2 h6 4. a3 Nf6 5. d3 Be7 6. O-O O-O 7. Be3 d6 8. h3 Be6 9. c4 a6 10. Nc3 Qd7
11. b4 b6 12. Qc1 Nh5 13. Qc2 Nf4 14. Bxf4 exf4 15. Nh2 Nd4 16. Qb2 Bf6 17. Rac1 Nc6 18. Bg4 Nd4 19. Qd2 Be5 20. Nd5 Nb3
21. Bxe6 Qxe6 22. Qc2 Nd4 23. Qa2 Qg6 24. Nxc7 Rac8 25. Nd5 f3 26. Ne7+ Kh7 27. Nxg6 fxg6 28. Nxf3 Nxf3+ 29. gxf3 Rxf3 30. Qe2 Rxh3
31. f4 Rg3+ 32. Kh2
1-0

[Event "DRAGHIEN  III"]
[Site "SchemingMind.com"]
[Date "2016.07.01"]
[Round "-"]
[White "Simon Green"]
[Black "Chessibelle"]
[Result "1-0"]
[WhiteCountry "ENG"]
[BlackCountry "ENG"]
[WhiteElo "1593"]
[WhiteRD "62"]
[BlackElo "1152"]
[BlackRD "66"]
[GameID "400861"]

1. d4 d5 2. e3 Nf6 3. Bd3 Bd7 4. f4 Bg4 5. Nf3 g6 6. O-O Nc6 7. c3 e6 8. Nbd2 Bh6 9. Qe1 O-O 10. Ne5 Bh5
11. Ndf3 Qd6 12. h3 Ne7 13. g4 Bxg4 14. hxg4 Bg7 15. Qh4 h5 16. g5 Nf5 17. Bxf5 Rfe8 18. gxf6 Bh6 19. Bxg6 Kh8 20. Nxf7+
1-0

[Event "DRAGHIEN  III"]
[Site "SchemingMind.com"]
[Date "2016.06.26"]
[Round "-"]
[White "Wojtek26"]
[Black "Chessibelle"]
[Result "1-0"]
[WhiteCountry "POL"]
[BlackCountry "ENG"]
[WhiteElo "1603"]
[WhiteRD "51"]
[BlackElo "1195"]
[BlackRD "64"]
[GameID "400866"]

1. d4 d5 2. c4 Nf6 3. e3 e6 4. Nf3 Nc6 5. c5 Be7 6. Bb5 Bd7 7. O-O O-O 8. a3 a6 9. Ba4 Ne4 10. Nbd2 Bf6
11. Nxe4 b6 12. b4 g6 13. Bb2 Ne7 14. Nxf6+ Kg7 15. Nxd7 Rh8 16. cxb6 cxb6 17. Nde5 Nf5 18. Ng5 Qxg5 19. Nf3 Qf6 20. Rc1 h5
21. Rc7 Raf8 22. Ne5 Nd6 23. Bc2 a5 24. Nxg6 Kh6 25. Nxh8 Rxh8 26. Bc1 Rg8 27. e4+ Kg6 28. e5+
1-0